|
|
|
|
| LEADER |
00000cam a2200000 c 4500 |
| 001 |
24552519X |
| 003 |
DE-627 |
| 005 |
20251222210801.0 |
| 007 |
tu |
| 008 |
980622s1998 xxu||||| 00| ||eng c |
| 010 |
|
|
|a 98027285
|
| 020 |
|
|
|a 0398068941
|c (cloth)
|9 0-398-06894-1
|
| 020 |
|
|
|a 039806895X
|c (pbk.)
|9 0-398-06895-X
|
| 035 |
|
|
|a (DE-627)24552519X
|
| 035 |
|
|
|a (DE-576)07517863X
|
| 035 |
|
|
|a (DE-599)GBV24552519X
|
| 035 |
|
|
|a (OCoLC)246127727
|
| 035 |
|
|
|a (OCoLC)39256556
|
| 040 |
|
|
|a DE-627
|b ger
|c DE-627
|e rakwb
|
| 041 |
|
|
|a eng
|
| 044 |
|
|
|c XD-US
|
| 050 |
|
0 |
|a HV6432
|
| 050 |
|
0 |
|a HV6432.K87 1998
|
| 082 |
0 |
|
|a 364.1
|q LOC
|2 21
|
| 084 |
|
|
|a 3,6
|a 7,26
|2 ssgn
|
| 084 |
|
|
|a 89.58
|2 bkl
|
| 084 |
|
|
|a 15.87
|2 bkl
|
| 100 |
1 |
|
|8 1\p
|a Kushner, Harvey W.
|0 (DE-588)132417243
|0 (DE-627)522684548
|0 (DE-576)299133052
|4 aut
|
| 109 |
|
|
|a Kushner, Harvey W.
|a Kushner, Harvey
|
| 245 |
1 |
0 |
|a Terrorism in America
|b a structured approach to understanding the terrorist threat
|c by Harvey W. Kushner
|
| 264 |
|
1 |
|a Springfield, Ill.
|b Thomas
|c 1998
|
| 300 |
|
|
|a XIII, 218 S
|
| 336 |
|
|
|a Text
|b txt
|2 rdacontent
|
| 337 |
|
|
|a ohne Hilfsmittel zu benutzen
|b n
|2 rdamedia
|
| 338 |
|
|
|a Band
|b nc
|2 rdacarrier
|
| 500 |
|
|
|a Includes bibliographical references (p. 205-209) and indexes
|
| 583 |
1 |
|
|a Archivierung prüfen
|c 20200919
|f DE-640
|z 1
|2 pdager
|
| 583 |
1 |
|
|a Archivierung prüfen
|c 20240324
|f DE-4165
|z 1
|2 pdager
|
| 650 |
|
0 |
|a Terrorism
|z United States
|
| 650 |
|
0 |
|a Terrorism
|x United States
|
| 689 |
0 |
0 |
|d g
|0 (DE-588)4078704-7
|0 (DE-627)106076612
|0 (DE-576)209209682
|a USA
|2 gnd
|
| 689 |
0 |
1 |
|d s
|0 (DE-588)4059534-1
|0 (DE-627)106143212
|0 (DE-576)209131136
|a Terrorismus
|2 gnd
|
| 689 |
0 |
|
|5 (DE-627)
|
| 856 |
4 |
2 |
|u http://www.gbv.de/dms/sub-hamburg/24552519X.pdf
|m V:DE-601
|m B:DE-18
|q pdf/application
|x Verlag
|y Inhaltsverzeichnis
|3 Inhaltsverzeichnis
|7 1
|
| 883 |
|
|
|8 1\p
|a cgwrk
|d 20241001
|q DE-101
|u https://d-nb.info/provenance/plan#cgwrk
|
| 935 |
|
|
|i Blocktest
|
| 936 |
b |
k |
|a 89.58
|j Politische Gewalt
|0 (DE-627)106416960
|
| 936 |
b |
k |
|a 15.87
|j USA
|x Geschichte
|0 (DE-627)181569760
|
| 951 |
|
|
|a BO
|
| ELC |
|
|
|b 1
|
| LOK |
|
|
|0 000 xxxxxcx a22 zn 4500
|
| LOK |
|
|
|0 001 3084892180
|
| LOK |
|
|
|0 003 DE-627
|
| LOK |
|
|
|0 004 24552519X
|
| LOK |
|
|
|0 005 19990515000000
|
| LOK |
|
|
|0 008 990329||||||||||||||||ger|||||||
|
| LOK |
|
|
|0 040
|a DE-21
|c DE-627
|d DE-21
|
| LOK |
|
|
|0 852
|a DE-21
|
| LOK |
|
|
|0 852 1
|c KB 19 A 7242
|9 00
|
| LOK |
|
|
|0 935
|a krim
|
| LOK |
|
|
|0 936ln
|a k10.2.2
|
| LOK |
|
|
|0 939
|a 29-03-99
|b l01
|
| ORI |
|
|
|a SA-MARC-krimdoka001.raw
|
| SIG |
|
|
|a UB: KB 19 A 7242
|